| 000 | 00735cam a2200229 a 4500 | ||
|---|---|---|---|
| 001 | 1616934 | ||
| 005 | 20180118072322.0 | ||
| 008 | 950817s1996 njua b 001 0 eng | ||
| 010 | _a 95038584 | ||
| 020 | _a0132346265 (case) | ||
| 040 |
_aDLC _cDLC _dDLC |
||
| 041 | _aeng | ||
| 080 | _a621.3845 GAR | ||
| 082 | 0 | 0 |
_a621.3845 GAR _220 |
| 100 | 1 | _aIM | |
| 101 | _a27 | ||
| 245 | 1 | 0 |
_aWireless and personal communications systems / _cVijay K. Garg, Joseph E. Wilkes. |
| 504 | _aIncludes bibliographical references and index. | ||
| 906 |
_a7 _bcbc _corignew _d1 _eocip _f19 _gy-gencatlg |
||
| 942 |
_2ddc _cBK |
||
| 999 |
_c40476 _d40476 |
||